00922nam a2200205 i 4500001000700000003000900007005001700016007000300033008004100036100003000077245028500107260006700392300002200459530003500481650002500516650002400541650003400565852002800599856008900627143012ES-MaACL20260127150101.0t|071011s1907 cl ||||1| spa d1 aVicuña Subercaseaux, B.10aGobernantes i (sic) literatos b: Montt i Varas, Mitre, Manuel A. Matta, Balmaceda, Juan E. Lagarrigue, Roosevelt, German Riesco : Alberto Blest Gana, Manuel Blanco Cuartin, Zorobadel Rodríguez, Los hermanos Amunátegui, Carlos T. Robinet, Heredia / cB. Vicuña Subercaseaux. aSantiago de Chile : b[s.n.], c1907 (fImpr. y lit. Universo) a299 p. ; c49 cm. aDisponible en formato digital. 4aPolíticos-yS.XIX. 4aPolíticos-yS.XX. 4aEscritores hispanoamericanos. aES-MaACLjG-7408cDEPO24 uhttp://bdh-rd.bne.es/viewer.vm?id=0000052147&page=1 yBiblioteca Digital Hispánica